[Event "BCF-chT3Sa 1920 (4NCL)"]
[White "Davison, Chris"]
[Black "Farrand, Tom"]
[Site "England"]
[Round "1.32"]
[Result "0-1"]
[Date "2019.11.09"]
[WhiteElo "2053"]
[BlackElo "2153"]
[PlyCount "78"]
[EventDate "2019.11.09"]
[EventType "team-tourn"]
[EventRounds "11"]
[EventCountry "ENG"]
[SourceTitle "EXT 2023"]
[Source "ChessBase"]
[SourceDate "2022.10.05"]
[SourceVersion "1"]
[SourceVersionDate "2022.10.05"]
[SourceQuality "1"]
[WhiteTeam "Poisoned Pawns"]
[BlackTeam "CSC"]
[WhiteTeamCountry "ENG"]
[BlackTeamCountry "ENG"]

1. e4 c5 2. Nf3 e6 3. d4 cxd4 4. Nxd4 Nf6 5. Nc3 Nc6 6. Be3 Bb4 7. Nxc6 bxc6 8. Bd3 d5 9. exd5 exd5 10. Bd2 0-0 11. 0-0 Bg4 12. Be2 Bf5 13. Bd3 Bg4 14. Be2 Be6 15. Bg5 Be7 16. Bf3 Qa5 17. Qd2 Kh8 18. a3 Rad8 19. b4 Qc7 20. Bf4 Bd6 21. Bxd6 Rxd6 22. Rad1 Rdd8 23. Na4 Nd7 24. Qd4 Bf5 25. Nc5 Bxc2 26. Rc1 Bf5 27. Rfe1 Rde8 28. g4 Nxc5 29. Qxc5 Qf4 30. gxf5 Qxf3 31. Rxe8 Rxe8 32. Qxc6 Qg4+ 33. Kh1 Qe4+ 34. Kg1 h6 35. f6 Qg4+ 36. Kh1 Qf3+ 37. Kg1 Rg8 38. fxg7+ Rxg7+ 39. Kf1 Qd3+ 0-1

[Event "BCF-chT3Sb 1819 (4NCL)"]
[White "Davison, Chris"]
[Black "Josse, Mark"]
[Site "England"]
[Round "4.51"]
[Result "1/2-1/2"]
[Date "2019.01.13"]
[WhiteElo "2045"]
[BlackElo "2191"]
[PlyCount "26"]
[EventDate "2018.11.17"]
[EventType "team-tourn"]
[EventRounds "7"]
[EventCountry "ENG"]
[SourceTitle "EXT 2021"]
[Source "ChessBase"]
[SourceDate "2020.10.23"]
[SourceVersion "1"]
[SourceVersionDate "2020.10.23"]
[SourceQuality "1"]
[WhiteTeam "Poisoned Pawns"]
[BlackTeam "The Rookies"]
[WhiteTeamCountry "ENG"]
[BlackTeamCountry "ENG"]

1. Nf3 d5 2. d3 Nf6 3. g3 c5 4. Bg2 Nc6 5. 0-0 e6 6. c4 Be7 7. cxd5 exd5 8. d4 c4 9. Nc3 0-0 10. Ne5 h6 11. e4 dxe4 12. Nxc6 bxc6 13. Nxe4 Nxe4 1/2-1/2

[Event "London Classic op 10th"]
[White "Rohfleisch, Daniel"]
[Black "Davison, Chris"]
[Site "London"]
[Round "4"]
[Result "1/2-1/2"]
[Date "2018.12.12"]
[WhiteElo "1820"]
[BlackElo "2068"]
[PlyCount "75"]
[EventDate "2018.12.09"]
[EventType "swiss"]
[EventRounds "9"]
[EventCountry "ENG"]
[SourceTitle "CBM 187 Extra"]
[Source "ChessBase"]
[SourceDate "2018.11.04"]
[SourceVersion "1"]
[SourceVersionDate "2018.11.04"]
[SourceQuality "1"]

1. e4 e5 2. Nf3 Nc6 3. Nc3 Nf6 4. d4 exd4 5. Nxd4 Bb4 6. Nxc6 bxc6 7. Bd3 d5 8. exd5 0-0 9. 0-0 cxd5 10. Bg5 c6 11. Qf3 h6 12. Bxf6 Qxf6 13. Qxf6 gxf6 14. Ne2 Bd6 15. Nd4 c5 16. Nf5 Bxf5 17. Bxf5 Be5 18. c3 Rab8 19. f4 Bd6 20. b3 Rfe8 21. Rad1 d4 22. Kh1 Re2 23. cxd4 Rxa2 24. dxc5 Bxc5 25. Rf3 Rb2 26. Rg3+ Kf8 27. Rh3 R2xb3 28. Rxh6 Kg7 29. Rh7+ Kg8 30. Rh4 a5 31. Rg4+ Kf8 32. Rh4 Kg7 33. Rg4+ Kf8 34. Rh4 a4 35. Bc2 R3b4 36. Rh8+ Kg7 37. Rxb8 Rxb8 38. Bxa4 1/2-1/2

[Event "London Classic op 10th"]
[White "Cornette, Matthieu"]
[Black "Davison, Chris"]
[Site "London"]
[Round "2"]
[Result "1-0"]
[Date "2018.12.10"]
[WhiteElo "2597"]
[BlackElo "2068"]
[PlyCount "59"]
[EventDate "2018.12.09"]
[EventType "swiss"]
[EventRounds "9"]
[EventCountry "ENG"]
[SourceTitle "CBM 187 Extra"]
[Source "ChessBase"]
[SourceDate "2018.11.04"]
[SourceVersion "1"]
[SourceVersionDate "2018.11.04"]
[SourceQuality "1"]

1. d4 Nf6 2. c4 g6 3. Nc3 Bg7 4. e4 d6 5. h3 0-0 6. Be3 e5 7. d5 a5 8. g4 Na6 9. Nge2 Nc5 10. Ng3 c6 11. Qd2 cxd5 12. cxd5 b6 13. f3 Ne8 14. h4 f5 15. gxf5 gxf5 16. Bg5 Bf6 17. Bb5 Ng7 18. Rg1 Kh8 19. 0-0-0 Ra7 20. Rg2 Raf7 21. Rdg1 Bxg5 22. hxg5 fxe4 23. g6 Rf4 24. Ngxe4 Nxe4 25. fxe4 h5 26. Ne2 Qc7+ 27. Bc6 Bg4 28. Nxf4 Rxf4 29. Rxg4 hxg4 30. Qh2+ 1-0

[Event "BCF-chT2 1718 (4NCL) Demotion pool"]
[White "Davison, Chris"]
[Black "Li, Harry"]
[Site "England"]
[Round "8.55"]
[Result "1-0"]
[Date "2018.03.18"]
[WhiteElo "2071"]
[BlackElo "2031"]
[PlyCount "97"]
[EventDate "2017.11.11"]
[EventType "team-tourn"]
[EventRounds "11"]
[EventCountry "ENG"]
[SourceTitle "EXT 2020"]
[Source "ChessBase"]
[SourceDate "2019.10.17"]
[SourceVersion "1"]
[SourceVersionDate "2019.10.17"]
[SourceQuality "1"]
[WhiteTeam "Poisoned Pawns"]
[BlackTeam "White Rose II"]
[WhiteTeamCountry "ENG"]
[BlackTeamCountry "ENG"]

1. e4 e5 2. Nf3 Nc6 3. Nc3 Nf6 4. Bb5 Bd6 5. 0-0 Nd4 6. Re1 Nxf3+ 7. Qxf3 0-0 8. d3 h6 9. Ne2 Re8 10. Ng3 c6 11. Bc4 Be7 12. Nh5 d6 13. Bd2 Rf8 14. h3 Nxh5 15. Qxh5 Bg5 16. Bxg5 Qxg5 17. Qxg5 hxg5 18. Re3 a5 19. a4 g4 20. hxg4 Bxg4 21. Rg3 Bd7 22. Rf1 b5 23. axb5 cxb5 24. Bd5 Rac8 25. c3 Bc6 26. Ba2 b4 27. cxb4 axb4 28. f4 exf4 29. Rxf4 Bd7 30. Rf6 Rc1+ 31. Kh2 Be6 32. Rfg6 fxg6 33. Bxe6+ Rf7 34. Rf3 Rcc7 35. Rxf7 Rxf7 36. Kg3 Kf8 37. Bxf7 Kxf7 38. Kf4 Kf6 39. g4 g5+ 40. Ke3 d5 41. exd5 Ke5 42. d6 Kxd6 43. Kd4 b3 44. Kc4 Ke5 45. d4+ Kf4 46. d5 Kxg4 47. d6 Kf3 48. d7 g4 49. d8Q 1-0

[Event "BCF-chT2b 1718 (4NCL)"]
[White "Peacock, Malcolm R"]
[Black "Davison, Chris"]
[Site "England"]
[Round "5.85"]
[Result "1/2-1/2"]
[Date "2018.02.10"]
[WhiteElo "2117"]
[BlackElo "2060"]
[PlyCount "63"]
[EventDate "2017.11.11"]
[EventType "team-tourn"]
[EventRounds "7"]
[EventCountry "ENG"]
[SourceTitle "EXT 2020"]
[Source "ChessBase"]
[SourceDate "2019.10.17"]
[SourceVersion "1"]
[SourceVersionDate "2019.10.17"]
[SourceQuality "1"]
[WhiteTeam "Manchester Manticores"]
[BlackTeam "Poisoned Pawns"]
[WhiteTeamCountry "ENG"]
[BlackTeamCountry "ENG"]

1. c4 e5 2. g3 Nf6 3. Bg2 c6 4. d4 exd4 5. Qxd4 d5 6. cxd5 cxd5 7. Nf3 Nc6 8. Qa4 Bc5 9. 0-0 Ne4 10. Nc3 Nxc3 11. bxc3 0-0 12. Ba3 Qe7 13. Bxc5 Qxc5 14. Rac1 Re8 15. e3 Bf5 16. c4 dxc4 17. Rxc4 Qe7 18. Rfc1 Rac8 19. Rc5 Bd7 20. Qf4 Red8 21. h4 Be6 22. Ng5 Bxa2 23. Qa4 Be6 24. Bxc6 Rxc6 25. Rxc6 bxc6 26. Nxe6 Qxe6 27. Rxc6 Qd7 28. Qc4 h6 29. Rc7 Qd1+ 30. Kg2 Rd7 31. Rc8+ Rd8 32. Rc7 1/2-1/2

[Event "London Classic rapid op"]
[White "Davison, Chris"]
[Black "Willson, Ollie"]
[Site "London"]
[Round "3.11"]
[Result "1-0"]
[Date "2017.12.09"]
[WhiteElo "2067"]
[BlackElo "2057"]
[PlyCount "57"]
[EventDate "2017.12.09"]
[EventType "swiss (rapid)"]
[EventRounds "6"]
[EventCountry "ENG"]
[SourceTitle "CBM 182 Extra"]
[Source "ChessBase"]
[SourceDate "2018.02.23"]
[SourceVersion "1"]
[SourceVersionDate "2018.02.23"]
[SourceQuality "1"]

1. e4 c5 2. Nf3 e6 3. c4 Nc6 4. d4 cxd4 5. Nxd4 Nf6 6. Nc3 Bb4 7. Nxc6 bxc6 8. Bd3 e5 9. 0-0 0-0 10. Bd2 d6 11. a3 Bc5 12. Be2 Be6 13. Rc1 Rb8 14. b4 Bd4 15. Bd3 Nd7 16. Ne2 Bb6 17. Be3 Bxe3 18. fxe3 Nf6 19. Ng3 Ng4 20. Qf3 Qg5 21. Rce1 a5 22. b5 cxb5 23. cxb5 Rbc8 24. h3 Rc3 25. hxg4 Bxg4 26. Qf2 Rxd3 27. a4 Rc8 28. Qxf7+ Kh8 29. Qf8+ 1-0

[Event "BCF-chT3Sd 1516 (4NCL)"]
[White "Heaven, Peter"]
[Black "Davison, Chris"]
[Site "England"]
[Round "9.97"]
[Result "1/2-1/2"]
[Date "2016.04.30"]
[WhiteElo "2033"]
[BlackElo "1976"]
[PlyCount "51"]
[EventDate "2016.03.20"]
[EventType "team-swiss"]
[EventRounds "11"]
[EventCountry "ENG"]
[SourceTitle "EXT 2017"]
[Source "ChessBase"]
[SourceDate "2016.10.25"]
[SourceVersion "1"]
[SourceVersionDate "2016.10.25"]
[SourceQuality "1"]
[WhiteTeam "Rhyfelwyr Essyllwg"]
[BlackTeam "Poisoned Pawns"]
[WhiteTeamCountry "ENG"]
[BlackTeamCountry "ENG"]

1. e4 c5 2. Nf3 d6 3. d4 cxd4 4. Nxd4 Nf6 5. Nc3 a6 6. f4 e6 7. Be3 b5 8. Bd3 Bb7 9. 0-0 Nbd7 10. Qe2 b4 11. Na4 Qa5 12. b3 Nxe4 13. f5 e5 14. Nf3 Be7 15. Bxe4 Bxe4 16. Bg5 Bxf3 17. Qxf3 Rc8 18. Bxe7 Kxe7 19. Rad1 Qc7 20. Qd3 Nc5 21. Nxc5 Qxc5+ 22. Kh1 f6 23. Qxa6 Rc6 24. Qb7+ Rc7 25. Qe4 Rb8 26. Rd2 1/2-1/2

[Event "BCF-ch Week2 AM op"]
[White "Davison, Chris"]
[Black "Regan, Natasha"]
[Site "Coventry"]
[Round "1"]
[Result "1/2-1/2"]
[Date "2015.08.03"]
[WhiteElo "1870"]
[BlackElo "2062"]
[PlyCount "58"]
[EventDate "2015.08.03"]
[EventType "swiss"]
[EventRounds "5"]
[EventCountry "ENG"]
[SourceTitle "CBM 167 Extra"]
[Source "ChessBase"]
[SourceDate "2015.09.14"]
[SourceVersion "1"]
[SourceVersionDate "2015.09.14"]
[SourceQuality "1"]

1. Nf3 b6 2. c4 Nf6 3. g3 Bb7 4. Bg2 g6 5. 0-0 Bg7 6. Nc3 c5 7. b3 Ne4 8. Bb2 Nxc3 9. Bxc3 Bxc3 10. dxc3 d6 11. Qd2 Nd7 12. Qh6 Nf6 13. b4 Qc7 14. b5 0-0-0 15. a4 Ne4 16. Qe3 h6 17. a5 Kd7 18. axb6 axb6 19. Ra7 Ra8 20. Rxb7 Qxb7 21. Nd2 f5 22. Nxe4 fxe4 23. Bxe4 Qa7 24. Bc6+ Kd8 25. Rd1 Rc8 26. Qe5 Rh7 27. Qe6 Rg7 28. Qe5 Rh7 29. Qe6 Rg7 1/2-1/2

[Event "BCF-ch Week2 PM op"]
[White "Davison, Chris"]
[Black "Watson, Mikey J"]
[Site "Coventry"]
[Round "1"]
[Result "1-0"]
[Date "2015.08.03"]
[WhiteElo "1870"]
[BlackElo "1652"]
[PlyCount "97"]
[EventDate "2015.08.03"]
[EventType "swiss"]
[EventRounds "5"]
[EventCountry "ENG"]
[SourceTitle "CBM 167 Extra"]
[Source "ChessBase"]
[SourceDate "2015.09.14"]
[SourceVersion "1"]
[SourceVersionDate "2015.09.14"]
[SourceQuality "1"]

1. c4 e5 2. g3 Nf6 3. Bg2 d5 4. cxd5 Nxd5 5. Nc3 Be6 6. Nf3 Nc6 7. 0-0 Be7 8. d3 0-0 9. Bd2 h6 10. Rc1 Qd7 11. Re1 Rad8 12. Ne4 f5 13. Nc5 Bxc5 14. Rxc5 e4 15. Nh4 g5 16. Ng6 Rf6 17. Bxg5 hxg5 18. dxe4 Ndb4 19. Qxd7 Rxd7 20. Ne5 Nxe5 21. Rxe5 c6 22. exf5 Bxa2 23. Ra5 Bb3 24. Rxa7 Nc2 25. Rf1 Nd4 26. e4 g4 27. h3 Nf3+ 28. Bxf3 gxf3 29. g4 Rh6 30. Ra8+ Kg7 31. Kh2 Kf6 32. Kg3 Rdh7 33. Kxf3 Rxh3+ 34. Kf4 Rd7 35. Raa1 Rd4 36. g5+ Kg7 37. Ke5 Rd8 38. Ra7 Rd7 39. Rc1 Rhd3 40. Rc3 Rxc3 41. bxc3 Bc4 42. f4 Kf7 43. Ra8 Bd3 44. g6+ Kg7 45. Ke6 Bxe4 46. Kxd7 Bxf5+ 47. Kc7 Kxg6 48. Kxb7 c5 49. c4 1-0

[Event "BCF-ch Atkins op"]
[White "Davison, Chris"]
[Black "Clancy, Martin J"]
[Site "Coventry"]
[Round "5"]
[Result "0-1"]
[Date "2015.08.02"]
[WhiteElo "1870"]
[BlackElo "1951"]
[PlyCount "62"]
[EventDate "2015.07.31"]
[EventType "swiss"]
[EventRounds "5"]
[EventCountry "ENG"]
[SourceTitle "CBM 167 Extra"]
[Source "ChessBase"]
[SourceDate "2015.09.14"]
[SourceVersion "1"]
[SourceVersionDate "2015.09.14"]
[SourceQuality "1"]

1. c4 Nf6 2. Nc3 g6 3. g3 Bg7 4. Bg2 e5 5. Nf3 Nc6 6. 0-0 0-0 7. d3 d6 8. Bg5 h6 9. Bxf6 Bxf6 10. Qd2 Bg7 11. h3 Rb8 12. e3 Be6 13. Rfd1 Qd7 14. Kh2 f5 15. Rac1 Ne7 16. Ne2 c6 17. Nfg1 Rfd8 18. Qc2 Qe8 19. d4 Rbc8 20. b4 d5 21. c5 e4 22. a4 g5 23. f4 Qh5 24. fxg5 hxg5 25. Nc3 Ng6 26. Nge2 Bh6 27. Rg1 Kh8 28. Rcf1 Rf8 29. Nd1 f4 30. gxf4 gxf4 31. exf4 Bxf4+ 0-1

[Event "BCF-chT3S 1415 (4NCL)"]
[White "Dickinson, Timothy R"]
[Black "Davison, Chris"]
[Site "England"]
[Round "6.136"]
[Result "1-0"]
[Date "2015.02.15"]
[WhiteElo "2111"]
[BlackElo "1898"]
[PlyCount "165"]
[EventDate "2014.11.15"]
[EventType "team-swiss"]
[EventRounds "6"]
[EventCountry "ENG"]
[SourceTitle "EXT 2016"]
[Source "ChessBase"]
[SourceDate "2015.10.08"]
[SourceVersion "1"]
[SourceVersionDate "2015.10.08"]
[SourceQuality "1"]
[WhiteTeam "Oxford II"]
[BlackTeam "Iceni"]
[WhiteTeamCountry "ENG"]
[BlackTeamCountry "ENG"]

1. e4 c5 2. c3 e6 3. d4 cxd4 4. cxd4 d5 5. Nc3 Nc6 6. Nf3 Be7 7. Bd3 Nf6 8. 0-0 0-0 9. a3 dxe4 10. Nxe4 Nxd4 11. Nxd4 Qxd4 12. Qe2 Rd8 13. Nxf6+ Bxf6 14. Rd1 g6 15. Bc2 Qb6 16. Rxd8+ Qxd8 17. Be3 Bd7 18. Be4 Bc6 19. Bxc6 bxc6 20. Rd1 Qc7 21. b4 Be7 22. Qa6 c5 23. Rc1 Qb6 24. Qc4 Rd8 25. bxc5 Qc7 26. a4 Rd5 27. c6 Bd6 28. g3 h5 29. Kg2 Kg7 30. Rb1 Rc5 31. Bd4+ Kh7 32. Bxc5 Qxc6+ 33. f3 Qxc5 34. Qxc5 Bxc5 35. Rb7 Kg7 36. a5 e5 37. g4 hxg4 38. fxg4 Kf6 39. h4 Bd4 40. Kf3 Ke6 41. g5 Bc5 42. a6 Bd4 43. Ke4 f5+ 44. gxf6 Kxf6 45. Rc7 Ke6 46. Rg7 Kf6 47. Rc7 Ke6 48. Rc6+ Kf7 49. Kf3 Kg7 50. Kg4 Kf7 51. Rc1 Ke6 52. Rf1 Be3 53. Rf8 Bc5 54. Rf3 e4 55. Rb3 Kd5 56. Rb7 Bd4 57. Kf4 Be5+ 58. Ke3 Bd4+ 59. Ke2 Ke5 60. Rb5+ Ke6 61. Rg5 Kf6 62. Rd5 Bg1 63. Kf1 Be3 64. Ke1 Ke6 65. Rb5 Bd4 66. Ke2 Kf6 67. Rg5 Bb6 68. Kf1 Be3 69. Rd5 Ke6 70. Rb5 Kf6 71. Kg2 Ke6 72. Kg3 Kd6 73. Kg4 Ke6 74. Rb3 Bc5 75. Kf4 Kd5 76. Rb5 e3 77. Kf3 Kc4 78. Rb1 Kd3 79. Rd1+ Kc3 80. Ke2 Kc4 81. Rg1 Kb5 82. Rxg6 Bb6 83. Rxb6+ 1-0